000
00314nam a2200121Ia 4500
008
190216s9999||||xx |||||||||||||| ||und||
100
_a
Bahl J C&Amp;Dhongde
245
0
_a
Elements Of Commerce And Business Methods
260
_b
Himalaya Publishing House
_c
1955
300
_a
324p
650
_a
Commerce
942
_c
BK
999
_c
4735
_d
4735